MARC

Tag First Indicator Second Indicator Subfields
LEADER 00000cam a2200000 a 4500
001 in00000074835
005 20190325090737.0
006 m o d
007 cr nn|||||||||
008 811026s1981 gw a ob 101 0 eng
010 |a  81018418  
015 |a 82,A13,0653  |2 dnb 
015 |a 81,N45,0316  |2 dnb 
015 |a 81N450316  |2 dnb 
015 |a 82A130653  |2 dnb 
016 7 |a 810982234  |2 DE-101 
020 |a 0387111573 (U.S. : pbk.) 
020 |a 9780387111575 (U.S. : pbk.) 
020 |a 3540111573 
020 |a 9783540111573 
035 |a (OCoLC)ocm07948639 
035 |9 AAJ1709AM 
035 |a (OCoLC)07948639 
040 |a DLC  |b eng  |c DLC  |d BAKER  |d NLGGC  |d BTCTA  |d LVB  |d C$Q  |d YDXCP  |d GBVCP  |d ZWZ  |d HEBIS  |d GW5XE  |d BDX  |d OCLCF  |d OCLCQ  |d OCLCO  |d UtOrBLW 
049 |a TXAM 
050 0 0 |a QA9.58  |b .A43 1981 
082 0 0 |a 511/.8  |2 19 
084 |a 31.02  |2 bcl 
084 |a 54.53  |2 bcl 
084 |a 28  |2 sdnb 
084 |a 31.80  |2 bcl 
245 0 0 |a Algorithms in modern mathematics and computer science :  |b proceedings, Urgench, Uzbek SSR, September 16-22, 1979 /  |c edited by A.P. Ershov and D.E. Knuth. 
264 1 |a Berlin ;  |a New York :  |b Springer-Verlag,  |c 1981. 
300 |a 1 online resource (xi, 487 pages) :  |b illustrations  
336 |a text  |b txt  |2 rdacontent 
337 |a computer  |b c  |2 rdamedia 
338 |a online resource  |b cr  |2 rdacarrier 
490 1 |a Lecture notes in computer science ;  |v 122 
500 |a "The symposium was organized by the Academy of Sciences of the Uzbek S.S.R."--Foreword. 
504 |a Includes bibliographical references and index. 
500 |a Electronic resource. 
650 0 |a Computer algorithms  |v Congresses. 
650 0 |a Computer programming  |v Congresses. 
650 4 |a synthèse programme. 
650 4 |a complexité calcul. 
650 4 |a décidabilité. 
650 4 |a théorie algorithme. 
650 6 |a Algorithmes  |v Congrès. 
650 6 |a Programmation (Informatique)  |v Congrès. 
650 7 |a Computer algorithms.  |2 fast  |0 (OCoLC)fst00872010 
650 7 |a Computer programming.  |2 fast  |0 (OCoLC)fst00872390 
650 1 7 |a Algoritmen.  |2 gtt 
650 7 |a Algorithmes.  |2 ram 
655 7 |a Electronic books.  |2 local 
655 7 |a Conference proceedings.  |2 fast  |0 (OCoLC)fst01423772 
700 1 |a Ershov, A. P.  |q (Andreĭ Petrovich) 
700 1 |a Knuth, Donald Ervin,  |d 1938- 
710 2 |a SpringerLink (Online service) 
710 2 |a Ŭzbekiston SSR fanlar akademii︠a︡si. 
776 1 8 |i Online version:  |a International Symposium on Algorithms in Modern Mathematics and Computer Science (1979 : Urganch, Uzbekistan).  |t Algorithms in modern mathematics and computer science.  |d Berlin ; New York : Springer-Verlag, 1981  |w (OCoLC)559510878 
830 0 |a Lecture notes in computer science ;  |v 122. 
856 4 0 |u http://proxy.library.tamu.edu/login?url=http://link.springer.com/10.1007/3-540-11157-3  |z Connect to the full text of this electronic book  |t 0 
994 |a 92  |b TXA 
999 |a MARS 
999 f f |s 594dbbc8-04e2-321e-b734-cd98cddd2353  |i 5dc36df4-4b0d-34e0-ab04-ae950cf7a9fc  |t 0 
952 f f |p ric  |a Texas A&M University  |b Rellis Campus  |c Joint Library Facility  |d Remote Storage  |t 0  |e QA9.58 .A43  |h Library of Congress classification  |i computer -- online resource  |m A14806200841 
998 f f |a QA9.58 .A43  |t 0  |l Remote Storage